[Event "Chess.com RCC Wk16 Swiss"]
[Site "chess.com INT"]
[Date "2022.05.28"]
[Round "4"]
[White "Nakamura,Hi"]
[Black "Le,Quang Liem"]
[Result "1-0"]
[WhiteElo "2766"]
[BlackElo "2709"]

1.Nf3 Nf6 2.b3 d5 3.e3 Bg4 4.Bb2 e6 5.d3 h6 6.Nbd2 Be7 7.h3 Bh5 8.g3 O-O
9.Bg2 a5 10.a3 a4 11.b4 c5 12.bxc5 Bxc5 13.O-O Nc6 14.d4 Be7 15.c4 Qa5 16.Qb1 Bg6
17.Qa2 Ne4 18.cxd5 exd5 19.Nxe4 Bxe4 20.Rfc1 Rfc8 21.Bc3 Qd8 22.Nd2 Bxg2
23.Kxg2 b5 24.Rab1 Rab8 25.Nf3 Qd6 26.Bd2 Qxa3 27.Qxd5 Qd3 28.Rb2 a3 29.Rbc2 Na7
30.Rc7 Rxc7 31.Rxc7 Rd8 32.Qa2 Nc8 33.Bb4 Re8 34.Ne5 Qf5 35.Qxa3 Qe4+ 36.Nf3 Bxb4
37.Qxb4 Nb6 38.Qxb5 Nd5 39.Rc5 Rd8 40.Qb3 Nf6 41.Qc2 Qa8 42.Re5 Rc8 43.Rc5 Rb8
44.Rc6 Nd5 45.Rc5 Nf6 46.Rc4 Ne4 47.d5 f5 48.Rxe4 fxe4 49.Qxe4 Rd8 50.Qe6+ Kh8
51.e4 Re8 52.Qg6 Rf8 53.Nd4 Rf6 54.Qg4 Qa2 55.Qc8+ Kh7 56.Qc2 Qxc2 57.Nxc2 Ra6
58.Kf3 Kg6 59.Nd4 Kf6 60.Nc6 Ra3+ 61.Kg4 g6 62.e5+ Kf7 63.f4 h5+ 64.Kh4 Rd3
65.d6 Ke6 66.g4 hxg4 67.hxg4 Rc3 68.Nd4+ Kd7 69.Kg5 Rc4 70.Nf3 Ke6 71.Nh4  1-0

[Event "Chess.com RCC Wk16 Swiss"]
[Site "chess.com INT"]
[Date "2022.05.28"]
[Round "6"]
[White "Nakamura,Hi"]
[Black "Andreikin,D"]
[Result "1-0"]
[WhiteElo "2766"]
[BlackElo "2729"]

1.Nf3 Nf6 2.e3 c5 3.d4 g6 4.dxc5 Qa5+ 5.Nbd2 Bg7 6.a3 Qxc5 7.b4 Qc7 8.Bb2 O-O
9.c4 b6 10.Be2 Bb7 11.O-O d6 12.Rc1 Nbd7 13.Nd4 Rfc8 14.Bf3 Ne5 15.Bxb7 Qxb7
16.Qe2 Ne4 17.N2b3 a6 18.f3 Nc5 19.bxc5 bxc5 20.Na5 Qd7 21.Ndb3 Rab8 22.f4 Nc6
23.Bxg7 Kxg7 24.Qc2 Nxa5 25.Qc3+ f6 26.Nxa5 Qa4 27.Rb1 Kf7 28.h3 f5 29.Kh2 h5
30.Rbe1 e6 31.Rb1 h4 32.Qd2 Ke7 33.Rfd1 Rxb1 34.Qxd6+ Kf6 35.Qe5+  1-0

[Event "Chess.com RCC Wk16 Swiss"]
[Site "chess.com INT"]
[Date "2022.05.28"]
[Round "9"]
[White "Nakamura,Hi"]
[Black "Dubov,Daniil"]
[Result "1/2-1/2"]
[WhiteElo "2766"]
[BlackElo "2702"]

1.Nf3 Nf6 2.b3 g6 3.Bb2 Bg7 4.d4 d5 5.e3 O-O 6.c4 b6 7.cxd5 Nxd5 8.e4 Nf6
9.e5 Nd5 10.Bd3 Nf4 11.Be4 Nxg2+ 12.Kf1 Nf4 13.Bxa8 Ba6+ 14.Kg1 Nh3+ 15.Kg2 Nf4+
16.Kg3 Nh5+ 17.Kg2 Nf4+ 18.Kg1 Nh3+ 19.Kg2 Nf4+  1/2-1/2

[Event "Chess.com RCC Wk16 KO"]
[Site "chess.com INT"]
[Date "2022.05.29"]
[Round "1.2"]
[White "Grischuk,A"]
[Black "Nakamura,Hi"]
[Result "1-0"]
[WhiteElo "2742"]
[BlackElo "2766"]

1.d4 Nf6 2.c4 e6 3.Nc3 Bb4 4.Nf3 O-O 5.Bg5 d5 6.e3 c5 7.cxd5 exd5 8.dxc5 Nbd7
9.Rc1 Nxc5 10.Qd4 Bxc3+ 11.Qxc3 Nce4 12.Bxf6 Nxf6 13.Be2 Bg4 14.O-O Qb6 15.Nd4 Rac8
16.Qa3 Bxe2 17.Nxe2 Ne4 18.Nd4 g6 19.Rcd1 a6 20.Qb3 Qxb3 21.axb3 Rc7 22.f3 Nc5
23.Rd2 Rfc8 24.Kf2 Ne6 25.Ne2 Nc5 26.b4 Na4 27.b3 Nb6 28.Rfd1 h5 29.h4 Kg7
30.Nd4 Nd7 31.Ra2 Nf6 32.Rdd2 Kf8 33.b5 axb5 34.Nxb5 Rc1 35.Nd4 R8c7 36.Rdc2 R7xc2+
37.Nxc2 Rh1 38.Nd4 Ne8 39.Ra5 Rb1 40.Rxd5 Ke7 41.Re5+ Kd7 42.Rd5+ Ke7 43.Rc5 Kd7
44.e4 Nd6 45.e5 Ne8 46.Rd5+ Ke7 47.Rb5 Rb2+ 48.Ke3 Rxg2 49.Rxb7+ Kf8 50.b4 g5
51.e6 gxh4 52.Rxf7+ Kg8 53.Rf4 h3 54.Rh4 Nf6 55.Rxh3 Rb2 56.b5 Rb4 57.Rh1 Kf8
58.Rc1 h4 59.Rh1 Nd5+ 60.Ke4 Nc7 61.Ke5 Nxb5 62.Nf5 Nc7 63.Rxh4 Rb5+ 64.Kf6 Nd5+
65.Kg6 Ne7+ 66.Nxe7 Kxe7 67.f4 Kxe6 68.Rh8 Ke7 69.f5 Rb6+ 70.Kg7 Rb7 71.f6+ Ke6+
72.Kg6  1-0

[Event "Chess.com RCC Wk16 KO"]
[Site "chess.com INT"]
[Date "2022.05.29"]
[Round "1.1"]
[White "Nakamura,Hi"]
[Black "Grischuk,A"]
[Result "1/2-1/2"]
[WhiteElo "2766"]
[BlackElo "2742"]

1.Nf3 d5 2.d4 Nf6 3.Bf4 e6 4.e3 Bd6 5.Nbd2 b6 6.Bg3 O-O 7.c4 Bb7 8.cxd5 Nxd5
9.Rc1 Nd7 10.Bd3 h6 11.Bxd6 cxd6 12.Qb3 Qe7 13.O-O Rfc8 14.Qa3 a5 15.Bb5 N7f6
16.Qb3 Qd8 17.a3 Rxc1 18.Rxc1 Rc8 19.Rxc8 Qxc8 20.Bc4 Qc7 21.h3 Ne7 22.Ne1 Nf5
23.Ndf3 Ne7 24.Bd3 Be4 25.Qd1 Bxd3 26.Nxd3 Qc4 27.Nde1 Ne4 28.Qc2 Qxc2 29.Nxc2 Kf8
30.Kf1 Ke8 31.Ke2 Kd7 32.Nfe1 d5 33.Nd3 f6 34.f3 Nd6 35.g4 g5 36.a4 Ng6 37.Nc1 e5
38.Na2 Ne7 39.Nc3 Ke6 40.Kd3 Nc6 41.b3 Ne7 42.Ne1 Nc6 43.Nc2 Ne7 44.Na3 Nc6
45.Nab5 Nb4+ 46.Kd2 Nxb5 47.axb5 Kd6 48.Ne2 Kd7 49.Ng3 Ke6 50.Ne2 Kd7 51.Ng3 Ke6
52.Nf5 e4 53.fxe4 dxe4 54.Ng3 Kd5 55.Ne2 Ke6 56.Ng3 Kd5 57.Nf5 Ke6 58.Ng3  1/2-1/2

[Event "Chess.com RCC Wk17 Swiss"]
[Site "chess.com INT"]
[Date "2022.06.04"]
[Round "1"]
[White "Nakamura,Hi"]
[Black "Sanal,V"]
[Result "1-0"]
[WhiteElo "2760"]
[BlackElo "2576"]

1.Nf3 d5 2.e3 Nf6 3.c4 e6 4.Nc3 Be7 5.b3 O-O 6.Bb2 b6 7.g3 Bb7 8.Bg2 Nbd7
9.O-O c5 10.Qe2 dxc4 11.bxc4 Ne4 12.Nb1 Bf6 13.d3 Bxb2 14.Qxb2 Qf6 15.Qxf6 Nexf6
16.Nc3 Rfd8 17.Rfd1 Rab8 18.a4 Bxf3 19.Bxf3 Ne5 20.Be2 Nc6 21.f4 Rd7 22.Kf2 Rbd8
23.Rd2 Na5 24.Rc2 Nc6 25.Rd1 Na5 26.Ra1 Nc6 27.Rd2 h5 28.h3 g6 29.g4 hxg4
30.hxg4 Kg7 31.g5 Ne8 32.Ne4 Nd6 33.Nf6 Rc7 34.Rh1 Rh8 35.Rxh8 Kxh8 36.Rd1 Kg7
37.Rh1 Rc8 38.Bf3 Nb4 39.Rh7+ Kf8 40.Ke2 Ke7 41.Ng4 Nc6 42.Bxc6 Rxc6 43.Ne5 Rc8
44.Nxg6+ Ke8 45.Ne5  1-0

[Event "Chess.com RCC Wk17 Swiss"]
[Site "chess.com INT"]
[Date "2022.06.04"]
[Round "2"]
[White "Bortnyk,Olexandr"]
[Black "Nakamura,Hi"]
[Result "0-1"]
[WhiteElo "2604"]
[BlackElo "2760"]

1.e4 e5 2.Nf3 Nc6 3.Bb5 g6 4.c3 a6 5.Ba4 Bg7 6.d4 exd4 7.cxd4 b5 8.Bb3 Nge7
9.Nc3 d6 10.O-O Na5 11.Bc2 Bg4 12.Be3 Nc4 13.b3 Nxe3 14.fxe3 c5 15.h3 Bxf3
16.Qxf3 O-O 17.Rad1 Qb6 18.Ne2 Nc6 19.Qf2 Rae8 20.Kh1 a5 21.dxc5 dxc5 22.Nf4 Ne5
23.Nd5 Qb8 24.a4 b4 25.Qe2 c4 26.bxc4 Nd7 27.Nxb4 axb4 28.Rxd7 b3 29.Bd3 Rd8
30.Rxd8 Rxd8 31.c5 b2 32.c6 Be5 33.Qc2 Kg7 34.Bc4 f6 35.Bd5 Qc7 36.Rb1 Rb8
37.Qc5 h5 38.a5 Ra8 39.Kg1 Rxa5 40.Qc2 Ra1 41.Kf2 Qa5 42.c7 Rxb1 43.c8=Q Qe1+
44.Kf3 Qg3+ 45.Ke2 Re1+ 46.Kd3 Qxe3+ 47.Kc4 Qd4+ 48.Kb5 b1=Q+ 49.Bb3 Qxc2
50.Qg8+ Kh6 51.Bf7 Rb1+  0-1

[Event "Chess.com RCC Wk17 Swiss"]
[Site "chess.com INT"]
[Date "2022.06.04"]
[Round "3"]
[White "Nakamura,Hi"]
[Black "Sarana,A"]
[Result "1/2-1/2"]
[WhiteElo "2760"]
[BlackElo "2670"]

1.Nf3 d5 2.e3 c5 3.b3 Nc6 4.Bb5 f6 5.Bxc6+ bxc6 6.d4 cxd4 7.exd4 e6 8.O-O Bd6
9.Ba3 Ne7 10.Re1 Ng6 11.Bxd6 Qxd6 12.c4 O-O 13.Nc3 Bb7 14.Rc1 e5 15.cxd5 cxd5
16.dxe5 fxe5 17.Ne4 Qe7 18.Nc5 e4 19.Nd4 Nf4 20.Re3 Rf6 21.Ne2 Rc8 22.b4 Rcf8
23.Nxf4 Rxf4 24.Rc2 Kh8 25.h3 Bc6 26.b5 Bxb5 27.Qxd5 Rd8 28.Rxe4 Rxe4 29.Qxe4 Rd1+
30.Kh2 Qd6+ 31.f4 h6 32.Nd3 Ba6 33.Ne5 Qb6 34.Ng6+ Kh7 35.Ne7+ Kh8 36.Ng6+ Kh7
37.Ne5+ Kg8 38.Kg3 Qg1 39.Qa8+ Kh7 40.Qe4+ Kg8 41.Rb2 Qe1+ 42.Qxe1 Rxe1 43.Rb8+ Kh7
44.Ra8 Re3+ 45.Kh2 Ra3 46.f5 Ra5 47.Rxa7 Rxe5 48.Rxa6 Rxf5 49.a4 Rf4 50.Kg3 Rb4
51.a5 h5 52.h4 Ra4 53.Ra8 g6 54.a6 Kg7 55.Ra7+ Kh6 56.Kh3 Ra3+ 57.Kh2 Ra4
58.g3 Ra2+ 59.Kg1 Ra1+ 60.Kf2 Ra3 61.Ra8 Kg7 62.Ke2 Rxg3 63.Kd2 Ra3 64.Kc2 g5
65.hxg5 h4 66.Kb2 Ra5 67.Rc8 h3 68.Rc3 h2 69.Rh3 Rxa6 70.Rxh2 Ra5 71.Rh5 Rf5
72.Kc3 Kg6 73.Rh8 Kxg5 74.Kd4 Kg4 75.Ke3 Rf3+ 76.Ke2 Rf4 77.Re8 Rf6 78.Ke3 Kf5
79.Kd4 Rd6+ 80.Kc5 Re6 81.Rb8 Ke4 82.Rb2 Ke5 83.Rf2 Rf6 84.Re2+ Kf4 85.Kd5 Kf3
86.Re1 Rf4 87.Ke5 Rh4 88.Kf5 Kf2 89.Ra1 Rb4 90.Ra3 Ke2 91.Ke5 Kd2 92.Rh3 Kc2
93.Kd5 Rb3 94.Rh2+ Kc3 95.Kc5 Rb1 96.Rh3+ Kc2 97.Kc4 Rd1 98.Ra3 Kd2 99.Kd4 Ke2+
100.Ke4 Rd8 101.Ra2+ Rd2 102.Ra8 Rd7 103.Rh8 Re7+ 104.Kd5 Rd7+ 105.Ke6 Rd3
106.Rh4 Ke3 107.Ke5 Kd2 108.Ke4 Re3+ 109.Kd4 Rd3+ 110.Kc4 Rc3+ 111.Kb4 Re3
112.Rh1 Kd3 113.Kc5 Ke4 114.Kc4 Rf3 115.Re1+ Kf5 116.Kd4 Rf4+ 117.Kd5 Rf3
118.Re8 Kf4 119.Kd4 Kg3 120.Ke4 Rf4+ 121.Ke3 Rf3+ 122.Ke2 Rf5 123.Ke1 Kf4  1/2-1/2

[Event "Chess.com RCC Wk17 Swiss"]
[Site "chess.com INT"]
[Date "2022.06.04"]
[Round "4"]
[White "Fedoseev,Vl3"]
[Black "Nakamura,Hi"]
[Result "1-0"]
[WhiteElo "2701"]
[BlackElo "2760"]

1.e4 c5 2.Nf3 e6 3.d4 cxd4 4.Nxd4 a6 5.Bd3 Qc7 6.O-O g6 7.c3 Bg7 8.Be3 Ne7
9.f4 f5 10.exf5 exf5 11.Nd2 O-O 12.N2f3 b6 13.Qb3+ d5 14.Rae1 Rf6 15.Bf2 Ra7
16.Bh4 Rf7 17.Ng5 Bf6 18.Nxf7 Bxh4 19.g3 Kxf7 20.gxh4 Nd7 21.Rxe7+ Kxe7 22.Re1+ Kf6
23.Re6+ Kg7 24.Re7+ Kh6 25.Qxd5 Qxf4 26.Nxf5+ gxf5 27.Qe6+ Kh5 28.Be2+  1-0

[Event "Chess.com RCC Wk17 Swiss"]
[Site "chess.com INT"]
[Date "2022.06.04"]
[Round "5"]
[White "Bluebaum,M"]
[Black "Nakamura,Hi"]
[Result "0-1"]
[WhiteElo "2673"]
[BlackElo "2760"]

1.d4 f5 2.Nf3 Nf6 3.c4 d6 4.e3 g6 5.b4 Bg7 6.Bb2 O-O 7.Be2 Nc6 8.b5 Na5 9.Nbd2 c6
10.O-O Kh8 11.Qa4 cxb5 12.cxb5 b6 13.Nb3 Nxb3 14.Qxb3 Ne4 15.Rac1 g5 16.d5 Bd7
17.Bxg7+ Kxg7 18.Qb2+ Rf6 19.Nd4 Kg8 20.Bd3 Nc5 21.Bb1 f4 22.Rce1 Qf8 23.exf4 gxf4
24.f3 Re8 25.Re2 e5 26.dxe6 Nxe6 27.Rfe1 Nc5 28.Rxe8 Bxe8 29.Qf2 Bg6 30.Bxg6 hxg6
31.Qh4 Nd3 32.Rd1 Ne5 33.Rc1 Rf7 34.Qg5 Qe8 35.h4 Rg7 36.Kh2 Kh7 37.Rc3 Rf7
38.a4 Qe7 39.Rc8 Qxg5 40.hxg5 Nd3 41.Rd8 Nc5 42.Rxd6 Nxa4 43.Nc6 Nc3 44.Nd4 Nd1
45.Kh3 Ne3 46.Kh2 Nf5 47.Nxf5 Rxf5 48.Rd7+ Kg8 49.Rxa7 Rxg5 50.Ra4 Rh5+ 51.Kg1 Rf5
52.Kh2 Kg7 53.Kh3 g5 54.Kg4 Rxb5 55.Rc4 Kf6 56.Rc6+ Ke7 57.Rg6 Rb2 58.Rxg5 Kf6
59.Rf5+ Ke6 60.Rf8 Rxg2+ 61.Kxf4 Kd5 62.Rb8 Kc6 63.Kf5 Kc7 64.Re8 b5 65.f4 b4
66.Re4 b3 67.Rb4 b2 68.Ke6 Re2+ 69.Kf6 Rc2 70.Kg5 Rg2+ 71.Kf6 Rd2 72.Kg5 Kc6
73.f5 Rg2+ 74.Kf6 Kd6 75.Rb8 Kc7 76.Rb3 Rf2 77.Kg6 Kd6 78.Rb8 Ke5 79.Rb5+ Kd6
80.f6 Ke6 81.Rb6+ Ke5 82.Kf7 Rxf6+ 83.Rxf6 b1=Q 84.Re6+ Kd5 85.Rf6 Qh7+ 86.Ke8 Ke5
87.Rb6 Qc7 88.Rh6 Kf5 89.Kf8 Qd7 90.Kg8 Kg5 91.Rb6 Qd8+ 92.Kg7 Qxb6 93.Kh8 Qc7
94.Kg8 Qe7 95.Kh8 Kg6 96.Kg8 Qd8+  0-1

[Event "Chess.com RCC Wk17 Swiss"]
[Site "chess.com INT"]
[Date "2022.06.04"]
[Round "6"]
[White "Nakamura,Hi"]
[Black "Matlakov,M"]
[Result "1/2-1/2"]
[WhiteElo "2760"]
[BlackElo "2671"]

1.Nf3 d5 2.d4 Nf6 3.c4 c6 4.e3 Bf5 5.Nc3 e6 6.Nh4 Bg6 7.Nxg6 hxg6 8.Rb1 Nbd7
9.c5 g5 10.b4 a6 11.a4 g6 12.b5 axb5 13.axb5 Bg7 14.g3 e5 15.Bd3 Qe7 16.Kf1 Qe6
17.bxc6 bxc6 18.f3 Kf8 19.Kg2 Qh3+ 20.Kg1 Qe6 21.Bf1 g4 22.Bg2 gxf3 23.Bxf3 exd4
24.exd4 Ne4 25.Ne2 Ra2 26.Nf4 Qe7 27.Rb2 Rxb2 28.Bxb2 Bh6 29.Bc1 Kg7 30.Kg2 Ra8
31.Qc2 Ng5 32.Rf1 Nxf3 33.Rxf3 Nf6 34.Nd3 Bxc1 35.Nxc1 Qe4 36.Qxe4 dxe4 37.Re3 Ra4
38.Ne2 Ra2 39.Kf1 Ra1+ 40.Kg2 Ra2 41.Kf1 Ra1+ 42.Kg2 Ra2  1/2-1/2

[Event "Chess.com RCC Wk17 Swiss"]
[Site "chess.com INT"]
[Date "2022.06.04"]
[Round "7"]
[White "Xiong,Jeffery"]
[Black "Nakamura,Hi"]
[Result "0-1"]
[WhiteElo "2688"]
[BlackElo "2760"]

1.d4 f5 2.Bg5 c6 3.e3 Qb6 4.Qc1 d6 5.Nf3 Be6 6.h4 h6 7.Bf4 g6 8.c4 Nf6 9.Nc3 Nbd7
10.Bd3 Bg7 11.O-O Bf7 12.b4 Nh5 13.Bh2 e5 14.c5 Qd8 15.e4 f4 16.cxd6 g5 17.Ne2 O-O
18.Rd1 Qf6 19.Bc4 Rae8 20.Rb1 exd4 21.hxg5 hxg5 22.Bd3 g4 23.e5 Nxe5 24.Nxe5 Rxe5
25.Nxf4 Bh6 26.g3 Qxd6 27.Bc4 Nxf4 28.gxf4 Rh5 29.Bg3 Bd5 30.f3 Rh3  0-1

[Event "Chess.com RCC Wk17 Swiss"]
[Site "chess.com INT"]
[Date "2022.06.04"]
[Round "9"]
[White "Nakamura,Hi"]
[Black "Sadhwani,Raunak"]
[Result "1/2-1/2"]
[WhiteElo "2760"]
[BlackElo "2619"]

1.Nf3 d5 2.e3 Nf6 3.c4 e6 4.b3 Bd6 5.Bb2 O-O 6.g3 Re8 7.d4 dxc4 8.Bxc4 b6
9.O-O Bb7 10.Nc3 Nbd7 11.Re1 c5 12.d5 exd5 13.Nxd5 Ne5  1/2-1/2

[Event "Chess.com RCC Wk17 KO"]
[Site "chess.com INT"]
[Date "2022.06.05"]
[Round "1.1"]
[White "Moussard,J"]
[Black "Nakamura,Hi"]
[Result "1/2-1/2"]
[WhiteElo "2668"]
[BlackElo "2760"]

1.e4 e5 2.Nf3 Nc6 3.Bc4 Bc5 4.O-O Nf6 5.d3 d6 6.c3 a6 7.a4 Ba7 8.Nbd2 O-O
9.h3 h6 10.Re1 Re8 11.b4 Be6 12.Bxe6 Rxe6 13.Qc2 Qd7 14.Rb1 Rd8 15.b5 Ne7
16.Nc4 Ng6 17.bxa6 bxa6 18.Rb7 Ra8 19.Qb3 Qc8 20.Be3 Bb6 21.Rxb6 cxb6 22.Nxb6 Qb7
23.a5 Rb8 24.Rb1 d5 25.exd5 Nxd5 26.Ne1 Nh4 27.Qc4 Nf5 28.Bd2 Nxb6 29.Qg4 Ne7
30.axb6 Qc6 31.c4 Rxb6 32.Ra1 Qb7 33.Qd1 Nf5 34.Nf3 e4 35.dxe4 Qxe4 36.c5 Rb5
37.Rc1 Rc6 38.Qf1 Qd5 39.Re1 Qd8 40.Re5 Rbxc5 41.Rxc5 Rxc5 42.Qxa6 Nh4 43.Nxh4 Qxd2
44.Qa8+ Kh7 45.Qe4+ g6 46.Nxg6 Qc1+ 47.Kh2 Qc2 48.Nf8+ Kg8 49.Nd7 Qxe4 50.Nf6+ Kg7
51.Nxe4 Rc2 52.Kg3 f5 53.Nd6 Kf6 54.f3 Ke6 55.Ne8 Ke5 56.f4+ Ke6 57.Kf3 Kf7
58.Nd6+ Kf6 59.g4 fxg4+ 60.hxg4 Ke6 61.Nf5 Rc3+ 62.Ke4 Rc4+ 63.Kf3 Rc3+ 64.Ke4 Rh3
65.Ng7+ Kf6 66.Nf5 Rh1 67.Nxh6 Re1+ 68.Kf3 Rf1+ 69.Kg3 Rg1+ 70.Kf2 Ra1 71.Nf5 Ra2+
72.Kf3 Ra3+ 73.Ne3 Rb3 74.g5+ Kg6 75.Ke4 Rb4+ 76.Ke5 Rb5+ 77.Nd5 Ra5 78.Ke4 Ra4+
79.Ke5 Ra5  1/2-1/2

[Event "Chess.com RCC Wk17 KO"]
[Site "chess.com INT"]
[Date "2022.06.05"]
[Round "1.2"]
[White "Nakamura,Hi"]
[Black "Moussard,J"]
[Result "0-1"]
[WhiteElo "2760"]
[BlackElo "2668"]

1.Nf3 Nf6 2.b3 e6 3.Bb2 d5 4.g3 Be7 5.Bg2 O-O 6.O-O a5 7.c4 a4 8.d3 c6 9.e3 b5
10.Nbd2 a3 11.Bc3 b4 12.Be5 Nbd7 13.Rc1 Ba6 14.Ba1 Qb6 15.Qe2 Rfd8 16.Rc2 Rac8
17.Rfc1 Bb7 18.Ne5 Nxe5 19.Bxe5 Nd7 20.Ba1 Bf6 21.Bxf6 Nxf6 22.d4 c5 23.cxd5 cxd4
24.Rxc8 Rxc8 25.Nc4 Ba6 26.Rc2 Qd8 27.d6 dxe3 28.Qxe3 Bxc4 29.bxc4 Qxd6 30.Bf3 Qc5
31.Qd2 Nd5 32.Qd3 Nc3 33.Rd2 g6 34.Bb7 Rc7 35.Qd8+ Kg7 36.Qb8 Qb6 37.Rd8 Qxb7
38.Rg8+ Kh6 39.Qf8+ Kh5 40.Rh8 f5 41.Qd8 Rxc4 42.h3 Rd4  0-1

[Event "Chess.com RCC Wk18 Swiss"]
[Site "chess.com INT"]
[Date "2022.06.11"]
[Round "1"]
[White "Sorokin,Aleksey"]
[Black "Nakamura,Hi"]
[Result "0-1"]
[WhiteElo "2535"]
[BlackElo "2760"]

1.d4 f5 2.Nf3 Nf6 3.g3 g6 4.Bg2 Bg7 5.O-O d6 6.b3 O-O 7.Bb2 c6 8.c4 Qa5 9.Nbd2 Re8
10.c5 d5 11.Ne5 Nfd7 12.Nd3 e5 13.b4 Qc7 14.dxe5 Nxe5 15.Nxe5 Bxe5 16.Bxe5 Qxe5
17.e3 a5 18.a3 Na6 19.Nb3 axb4 20.axb4 Bd7 21.Qd2 Nc7 22.Na5 Ra7 23.Rfe1 Rea8
24.Rad1 Be6 25.Qd4 Qg7 26.Bf1 g5 27.f4 h6 28.Bd3 Rf8 29.Rf1 Bc8 30.Rde1 Ne6
31.Qxg7+ Kxg7 32.Rc1 gxf4 33.exf4 Kf6 34.Kf2 Bd7 35.Rfe1 Nd8 36.Rc2 Re8 37.Rxe8 Bxe8
38.h3 h5 39.Re2 Bd7 40.Re5 Nf7 41.Re1 Nh8 42.Be2 h4 43.gxh4 Ng6 44.Kg3 Nf8
45.h5 Ne6 46.Bd3 Nxc5 47.bxc5 Rxa5 48.h6 Kg6 49.h7 Kxh7 50.Re7+ Kg6 51.Kh4 Bc8
52.Re8 Ra8 53.Be2 Kf6 54.Kh5 Ra2 55.Rf8+ Ke7 56.Rxc8 Rxe2 57.Kg5 d4 58.Rc7+ Ke6
59.Rxb7 d3 60.Rb3 Rg2+ 61.Kh4 Rd2 62.Kg5 Rd1 63.h4 Rg1+  0-1

[Event "Chess.com RCC Wk18 Swiss"]
[Site "chess.com INT"]
[Date "2022.06.11"]
[Round "2"]
[White "Nakamura,Hi"]
[Black "Bortnyk,Olexandr"]
[Result "1-0"]
[WhiteElo "2760"]
[BlackElo "2604"]

1.Nf3 d6 2.e4 Nf6 3.Nc3 e5 4.d4 Nbd7 5.Bc4 Be7 6.a4 c6 7.O-O h6 8.h3 Qc7
9.Re1 g5 10.d5 Nf8 11.a5 Ng6 12.a6 b5 13.Bf1 b4 14.Na2 c5 15.c3 bxc3 16.Nxc3 g4
17.hxg4 Bxg4 18.Qa4+ Kf8 19.Nh2 h5 20.b4 Bd7 21.Nb5 Bxb5 22.Bxb5 cxb4 23.Qxb4 Ng4
24.Nxg4 hxg4 25.g3 Qd8 26.Be2 Bg5 27.Bd2 Kg7 28.Kg2 Rb8 29.Qxb8 Qxb8 30.Bxg5 Qb4
31.Bxg4 Qd4 32.Bf3 Ra8 33.Be3 Qd3 34.Red1 Qc2 35.Rdc1 Qd3 36.Rc7 Kf6 37.Rh1 Nf4+
38.Bxf4 exf4 39.g4 Qxa6 40.Rh5 Rf8 41.e5+ Kg7 42.e6 Qb6 43.Rd7 a5 44.Be4 f3+
45.Kg3 Qd4 46.Rh7+ Kf6 47.Rdxf7+ Rxf7 48.Rxf7+ Kg5 49.Rf5+ Kh6 50.Kxf3 Qd1+
51.Kg3 Qe1 52.Kf3 Qc3+ 53.Kg2 Qe1 54.Bf3 a4 55.Rf4 a3 56.Re4 Qxe4 57.Bxe4 a2
58.e7 a1=Q 59.e8=Q Qf6 60.Qg6+ Qxg6 61.Bxg6 Kxg6 62.f4  1-0

[Event "Chess.com RCC Wk18 Swiss"]
[Site "chess.com INT"]
[Date "2022.06.11"]
[Round "3"]
[White "Sarana,A"]
[Black "Nakamura,Hi"]
[Result "0-1"]
[WhiteElo "2670"]
[BlackElo "2760"]

1.d4 f5 2.c4 Nf6 3.Nc3 d6 4.Bg5 c6 5.e3 Nbd7 6.Bd3 g6 7.Nge2 e5 8.f3 Be7
9.Qc2 Qa5 10.O-O Nf8 11.a3 Ne6 12.b4 Qc7 13.Bh4 a5 14.d5 Ng7 15.e4 Nxe4 16.Bxe7 Nxc3
17.Bg5 Nxe2+ 18.Qxe2 O-O 19.dxc6 bxc6 20.Be3 Ne6 21.b5 c5 22.Bh6 Re8 23.Qd2 Nd4
24.Rae1 Bb7 25.h4 Re6 26.Bg5 Rae8 27.a4 f4 28.Bh6 Nf5 29.Bxf5 gxf5 30.Bxf4 exf4
31.Rxe6 Rxe6 32.Qxf4 Qg7 33.Qd2 Qd4+ 34.Qxd4 cxd4 35.Rd1 Kf7 36.Rxd4 Ke7
37.Kf2 Re5 38.h5 Bc8 39.h6 Re6 40.c5 dxc5 41.Rd5 Rxh6 42.Rxc5 Kd8 43.Rc4 Rd6
44.Kg3 Rg6+ 45.Kf2 h6 46.Rd4+ Kc7 47.Rc4+ Kb8 48.Rd4 Rf6 49.Kg3 f4+ 50.Kf2 Kc7
51.Rc4+ Kb7 52.Rd4 h5 53.Kg1 h4 54.Kh2 h3 55.gxh3 Rh6 56.Rxf4 Bxh3 57.Kg3 Be6
58.Rd4 Bb3 59.f4 Bc2 60.Kg4 Rg6+ 61.Kf3 Rg1 62.Rc4 Bb3 63.Rd4 Ra1 64.f5 Bxa4
65.f6 Bb3 66.Rd6 a4 67.Kg2 Rc1 68.Ra6 Rc5 69.Ra5 Rf5 70.Ra6 Rxb5 71.f7 Rf5  0-1

[Event "Chess.com RCC Wk18 Swiss"]
[Site "chess.com INT"]
[Date "2022.06.11"]
[Round "4"]
[White "Nakamura,Hi"]
[Black "Xiong,Jeffery"]
[Result "1-0"]
[WhiteElo "2760"]
[BlackElo "2688"]

1.Nf3 d5 2.d4 Nf6 3.Bf4 Bf5 4.e3 e6 5.c4 Bb4+ 6.Nc3 O-O 7.Qb3 c5 8.dxc5 Qa5
9.a3 Bxc3+ 10.Qxc3 Qxc3+ 11.bxc3 Nbd7 12.c6 bxc6 13.Nd4 e5 14.Nxc6 Rfe8 15.Bg3 dxc4
16.f3 Bd3 17.Na5 Rec8 18.Bxd3 cxd3 19.Kd2 e4 20.Rab1 Nb6 21.Rb5 Nfd7 22.Rhb1 f6
23.fxe4 Re8 24.R1b4 Rac8 25.Nb7 Nc4+ 26.Rxc4 Rxc4 27.Nd6 Rcxe4 28.Nxe4 Rxe4
29.Ra5 h5 30.Rxa7 Nc5 31.Bd6 Ne6 32.Kxd3 Rg4 33.g3  1-0

[Event "Chess.com RCC Wk18 Swiss"]
[Site "chess.com INT"]
[Date "2022.06.11"]
[Round "5"]
[White "Andreikin,D"]
[Black "Nakamura,Hi"]
[Result "1/2-1/2"]
[WhiteElo "2729"]
[BlackElo "2760"]

1.d4 Nf6 2.c4 e6 3.Nf3 d5 4.g3 Be7 5.Bg2 O-O 6.O-O dxc4 7.Qc2 b5 8.a4 Bb7
9.axb5 a6 10.bxa6 Nxa6 11.Qxc4 Bd5 12.Qc3 c5 13.Be3 Ne4 14.Qe1 Nb4 15.Rxa8 Qxa8
16.Nc3 Nxc3 17.bxc3 Nc2 18.Qd2 Nxe3 19.Qxe3 cxd4 20.cxd4 Bf6 21.Qf4 Qb8 22.Qg4 g6
23.e3 h5 24.Qf4 Qxf4 25.gxf4 Bxf3 26.Bxf3 Rd8 27.Rb1 Rd7 28.Kg2 Kg7 29.Be4 Ra7
30.Rb2 Rd7 31.Rc2 Bd8 32.Kf3 Rc7 33.Rb2 Be7 34.Rb5 Rd7 35.Bc6 Rc7 36.d5 exd5
37.Bxd5 Bc5 38.Be4 Be7 39.Kg2 Bc5 40.Bf3 Bf8 41.Rd5 f5 42.Rb5 Be7 43.Bd5 Bf6
44.Bb3 Re7 45.Rb8 Rc7 46.Rg8+ Kh7 47.Rf8 Kg7 48.Rg8+ Kh7 49.Re8 Kg7 50.Kf3 Re7
51.Rg8+ Kh7 52.Rb8 Kg7 53.Rc8 Rb7 54.Bc2 Re7 55.Bd3 Rd7 56.Ke2 Be7 57.Rc6 Bd6
58.Bc4 Rd8 59.Ra6 Rd7 60.Be6 Rd8 61.Ra7+ Kh6 62.Kf3 Re8 63.Bf7 Re7 64.Ra6 Rd7
65.Be6 Rd8 66.Ra7 Re8 67.Bd5 Rd8 68.Bc4 Rc8 69.Bd3 Rd8 70.Bc4 Rc8 71.Ba6 Rd8
72.h3 Bc5 73.Rc7 Bd6 74.Rf7 Bc5 75.Bb7 Re8 76.Rf6 Rb8 77.Bd5 Rd8 78.Bc4 h4
79.Rc6 Bd6 80.Bb3 Be7 81.Bc2 Rd6 82.Rc7 Bd8 83.Rf7 Rc6 84.Bb3 Rc7 85.Rf8 Be7
86.Rh8+ Kg7 87.Rg8+ Kh7 88.Re8 Bf6 89.Bd5 Kg7 90.Ra8 Rd7 91.Bc6 Rc7 92.Ra6 Re7
93.e4 fxe4+ 94.Bxe4 Re8 95.Ra7+ Re7 96.Ra6 Re8 97.f5 gxf5 98.Bxf5 Re1 99.Ra7+ Re7
100.Ra6 Re1 101.Be4 Rf1 102.Ra7+ Kf8 103.Ra8+ Kg7 104.Bd3 Rd1 105.Bf5 Rf1
106.Ra4 Rd1 107.Rg4+ Kf7 108.Bg6+ Ke7 109.Re4+ Kf8 110.Re6 Kg7 111.Be4 Rd4
112.Kg4 Ra4 113.f4 Ra5 114.Rc6 Be7 115.Rc7 Kf8 116.Bg6 Ra4 117.Rc6 Rd4 118.Re6 Rd6
119.Kf5 Rxe6 120.Kxe6 Ba3 121.f5 Bc5 122.f6 Bf2 123.Kf5 Bg3 124.f7 Be1 125.Kg4 Bg3
126.Bh5 Be1 127.Bg6 Bg3 128.Bh5 Be1 129.Bg6  1/2-1/2

[Event "Chess.com RCC Wk18 Swiss"]
[Site "chess.com INT"]
[Date "2022.06.11"]
[Round "8"]
[White "Nakamura,Hi"]
[Black "Sadhwani,Raunak"]
[Result "1/2-1/2"]
[WhiteElo "2760"]
[BlackElo "2619"]

1.Nf3 d5 2.d4 Nf6 3.Bf4 c5 4.e3 Nc6 5.Nbd2 Qb6 6.dxc5 Qxb2 7.Rb1 Qc3 8.Bb5 g6
9.e4 dxe4 10.Be5 Qa5 11.O-O exf3 12.Qxf3 Qxb5 13.Bxf6 Qxf1+ 14.Kxf1 exf6
15.Qxf6 Rg8 16.Ne4 Be7 17.Nd6+ Bxd6 18.cxd6 Rb8 19.Re1+ Be6 20.Rxe6+ fxe6
21.Qxe6+ Kf8 22.Qf6+ Ke8 23.Qe6+ Kf8 24.Qf6+ Ke8 25.Qe6+  1/2-1/2

[Event "Chess.com RCC Wk18 KO"]
[Site "chess.com INT"]
[Date "2022.06.12"]
[Round "1.1"]
[White "Nakamura,Hi"]
[Black "Aronian,L"]
[Result "0-1"]
[WhiteElo "2760"]
[BlackElo "2775"]

1.Nf3 d5 2.e3 c5 3.d4 cxd4 4.exd4 Nf6 5.Bd3 Bg4 6.c3 e6 7.Bf4 Nc6 8.Nbd2 Bd6
9.Bxd6 Qxd6 10.O-O O-O 11.Re1 Rab8 12.Qc2 Rfc8 13.Qb1 Bxf3 14.Nxf3 b5 15.a3 a5
16.b4 g6 17.Qb2 axb4 18.axb4 Ne7 19.Nd2 Qc7 20.Rac1 Nf5 21.Bxf5 exf5 22.Nb3 Re8
23.Nc5 Qf4 24.Nd3 Qh6 25.f3 Nd7 26.Re2 Nb6 27.Rce1 Rec8 28.Nc5 Nc4 29.Qc2 Qg5
30.Re7 f4 31.Qf2 Ra8 32.g4 fxg3 33.Qxg3 Qxg3+ 34.hxg3 Ra3 35.Rc1 Ra2 36.Nd7 Kg7
37.Ne5 Nxe5 38.Rxe5 Rb2 39.Kf1 h5 40.f4 Rxb4 41.Rxd5 Rb2 42.Re5 Rc4 43.Re2 Rb3
44.Rec2 b4 45.cxb4 Rxd4 46.Rc3 Rbxb4 47.Kg2 h4 48.Rf1 Rb2+ 49.Kh3 hxg3 50.Kxg3 Rdd2
51.Ra3 Rg2+ 52.Kf3 Rh2 53.Kg3 Kh6 54.Ra7 Kg7 55.Rc7 Rhg2+ 56.Kf3 Rgd2 57.Rc3 Rd5
58.Kg3 Rf5 59.Rff3 Rb1 60.Rc2 Rh1 61.Rg2 Rfh5 62.Kf2 Kf6 63.Ra3 Kf5 64.Kf3 Rf1+
65.Kg3 Kf6 66.Ra6+ Kg7 67.Ra4 Rb5 68.Rf2 Rg1+ 69.Rg2 Rb3+ 70.Kh2 Rf1 71.Rg4 Rbf3
72.Rb4 R1f2+ 73.Kg1 Rc2 74.Rg2 Rc1+ 75.Kh2 Rcf1 76.Rg4 R1f2+ 77.Kg1 Kf6 78.Rh4 Rf1+
79.Kg2 R1f2+ 80.Kg1 Rc2 81.Rb6+ Kg7 82.Rg4 Rd3 83.Rg2 Rc4 84.f5 Rd1+ 85.Kh2 Rh4+
86.Kg3 g5 87.Kf2 Rh5 88.Kf3 Rf1+ 89.Kg4 Rfh1 90.Rf2 R1h4+ 91.Kg3 Rh3+ 92.Kg4 f6  0-1

[Event "FIDE Candidates 2022"]
[Site "Madrid ESP"]
[Date "2022.06.29"]
[Round "10.4"]
[White "Nakamura,Hi"]
[Black "Firouzja,Alireza"]
[Result "1-0"]
[WhiteElo "2760"]
[BlackElo "2793"]

1.e4 c5 2.Nf3 d6 3.d4 cxd4 4.Nxd4 Nf6 5.Nc3 a6 6.Be3 e5 7.Nf3 Nc6 8.Bc4 Be6
9.Nd5 Rc8 10.Nxf6+ gxf6 11.Bb3 Ne7 12.O-O Bxb3 13.axb3 d5 14.exd5 Qxd5 15.Qe2 Nf5
16.Rfd1 Qc6 17.c4 Bg7 18.Rd5 O-O 19.Rad1 Rfe8 20.h3 b5 21.c5 Bf8 22.b4 Nd4
23.Nxd4 Qxd5 24.Nf5 Qe4 25.Qh5 Red8 26.Ra1 Rc6 27.Bh6 Kh8 28.Ra3 Qxb4 29.Bxf8 Rxf8
30.Qh6 Rg8 31.Rg3 Rxg3 32.fxg3  1-0